000 00673nam a22002057a 4500
005 20251108173513.0
008 250721s1990 xx 000 0 ara d
082 1 4 _aط/798/عبد
100 1 _aعبد الفتاح، اسماعيل
245 1 0 _aمصارعة الثيران /
264 1 _aالقاهرة :
_bدار الكتاب المصري،
_c1990.
300 _a31ص.
490 0 _aالموسوعة الرياضية الميسرة
_v20
650 1 7 _aمصارعة الثيران
650 1 7 _aعروض الحيوانات
653 _aناشئون صغار (10-14 سنة )
700 1 _aالجمل، صالح
_eرسام
942 _2ddc
_cBK
999 _c105469
_d105469